MDQL
is popping MORE tags! Check the
thread
!
Quizzes
Events
Quiz Creation
Community
Videos
Private Events
Remove Ads
Sign In
Join for FREE
Feedback
Dark Mode
Quiz Categories
Sports
Geography
Music
Movies
Television
Just For Fun
Miscellaneous
History
Literature
Language
Science
Gaming
Entertainment
Religion
Holiday
For Kids
Quiz Lab
Recent
Popular Today
Quiz Kudos Today
Editor Picks
Curator Picks
Quizzes by...
Day
Popularity
Type
Ratings
Length
Year
Community
Subscriptions
Recent Discussions
Orange Saloon
Badges
Playlists
Quests
Create
Leaderboards
Showdown
Live 5
Trivia Bingo
Activity
Puzzle Library
Sporcle Events
Private Events
Virtual Trivia
Globe League
Become a Host
Pub Owners
SporcleCon
Opinionation
Our Games
Videos
Blog
Mobile Apps
Partnerships
Remove Ads and Go Orange
Feedback
Geography
Country
Landmarks
City
State
Population
World
Capital
Continent
Flags
Europe
Africa
Asia
South America
North America
Oceania
Border
Canada
United Kingdom
Topography
United States
Geography
Country
Landmarks
City
State
Population
World
Capital
Continent
Flags
Europe
Africa
Asia
South America
North America
Oceania
Border
Canada
United Kingdom
Topography
United States
Random Quiz
Search Sporcle
×
Quiz Lab
Quiz Lab
Geography
City
Type in answers that appear in a list
Type in answers that appear in a list
Classic
Best Score? Go Orange.
Snowy Cities Stats
Can you name the US cities (population 100,000+) with the highest average yearly snowfall?
By
bufsabres123
5m
30 Questions
207 Plays
207 Plays
207 Plays
Comments
Comments
Give Quiz Kudos
Give Quiz Kudos
-
- Ratings
hide this ad
More Info
Replay
Link that replays current quiz
Next Quiz
Link to next quiz in quiz playlist
You Got
0%
They Got
Avg Score
55%
Avg Friend Score
Upgrade to see
Score Distribution
Jump to the score distribution portion of the page
Score
0/30
Timer
05:00
0
Plays Today
Rank
City
% Correct
4
Buffalo
95.7%
2
Anchorage
89.9%
1
Syracuse
85%
5
Rochester
83.6%
12
Salt Lake City
79.7%
17
Minneapolis
77.8%
14
Cleveland
75.8%
18
St. Paul
74.4%
20
Hartford
68.6%
26
Milwaukee
68.6%
23
Rochester
68.1%
6
Erie
64.7%
13
Provo
63.8%
15
Billings
58.9%
10
Manchester
55.1%
Rank
City
% Correct
7
Grand Rapids
54.1%
19
Springfield
53.6%
21
Lansing
53.1%
22
Spokane
53.1%
24
Green Bay
53.1%
9
Worcester
50.7%
8
South Bend
49.8%
16
Fort Collins
40.1%
30
Flint
34.3%
25
Lowell
30.4%
11
West Valley City
28%
29
Westminster
11.1%
3
Amherst
10.1%
27
Thornton
8.7%
28
West Adams
1.4%
Quiz Playlist
Details
Report
Send in Message
Add To Playlist
More Info:
Includes suburbs with a population of over 100,000 also.
Classic:
Type in answers that appear in a list
Quiz Source
Last Updated: Feb 16, 2017
Quiz Scoreboard
CHALLENGE
Sign Up to Join the Scoreboard
Show All
Scores
Hide
Comments
May contain spoilers
Recently Published
Holiday 10x10 Sorting Gallery
by lukepisani3
Holiday
15m
Two Season TV Shows II
by 123Four
Television
10m
Image Sorting: Flags VI
by Barbecue
Geography
2m
More to Explore
Quiz From the Vault
Featured Blog Post
14 Easter Pick-up Lines to Find Eggs With
hide this ad
You Might Also Like...
Tags
City Quiz
Population Quiz
State Quiz
American Cities
highest
Snow
Snowfall
Weather
Today's Top Quizzes in Geography
Browse Geography
hide this ad
Today's Top Quizzes in City
Browse City
Top Contributed Quizzes in Geography
1
Colored Red Europe Blitz I
2
Countries of the World - No Outlines Minefield
3
Colored Red Africa Blitz II
4
Colored Red Europe Blitz II
5
Colored Red Europe Blitz III
6
Colored Red Africa Blitz III
7
Colored Red States Blitz I
8
A Different View: World Oceans
9
Colored Red States Blitz II
10
Colored Red States Blitz III
Explore More
Trending Topics
NBA
Marvel
Anime
Crossword
Harry Potter
Disney
Kpop
The Office
NFL
Pokémon
Soccer
Puzzle
Country
WWE
Song
hide this ad
More By:
bufsabres123
Quiz
Plays
Rating
Category
Featured
Created
Countries with Nuclear Power for Commercial Purposes
5,199
4.40
Geography
Mar 17, 2011
All-time NCAA March Madness Schools
1,812
4.00
Sports
Mar 23, 2013
Countries with the Most Refugees and Asylum Seekers
858
4.71
Geography
Feb 5, 2013
Countries of Major World River Basins
544
4.42
Geography
Jun 1, 2011
U.S. Beatles Concert Cities
404
4.80
Geography
Jun 13, 2013
Go to Creator's Profile
Score Distribution
Quiz Creator Spotlight
bufsabres123
Follow
Send a Message
Quizzes Created
-
Created Quiz Play Count
-
More By This Creator
Popular Quizzes Today
1
Find the US States - No Outlines Minefield
2
Colored Red Africa Blitz
3
Find the 'City' Movie
4
The Countries of the World
5
Find the US States
6
5x2 Blitz: Bands
7
Find the Countries of Europe - No Outlines Minefield
8
US States
More Geography Quizzes
Famous Replacements: Geography Edition
Published
Trending Quizzes
Colored Red Europe Blitz I
Colored Red Europe Blitz II
Colored Red Africa Blitz II
Colored Red Europe Blitz III
Colored Red Africa Blitz III
Recently Updated
Odd Team Out - Big 4 Players
pecheneg
Quick Pick: 20 Twenties
pecheneg
March Madness Men's Triple Doubles
pecheneg
How Do You Spell That?
pecheneg
Godzilla Movies
pecheneg
Grab Bag: 4-10 Letters
pecheneg
2024 March Madness Bracket
pecheneg
Famous TV Couples
Peacemaker
Champions League XIs: Real Madrid
pecheneg
Largest US Cities 1790-2010
pecheneg
Trending Topics
Disney
Harry Potter
Kpop
Marvel
NBA
Crossword
Anime
WWE
NFL
Country
Puzzle
Pokémon
The Office
Soccer
Song
Your Account Isn't Verified!
In order to create a playlist on Sporcle, you need to verify the email address you used during registration. Go to your
Sporcle Settings
to finish the process.
Report this User
Report this user for behavior that violates our
Community Guidelines
.
Details:
Send Report
Go to the Sporcle.com Mobile Site →
Comments